Institutional determination of strategic plan implementation in public secondary schools in Machakos county (Record no. 18783)
[ view plain ]
| 000 -LEADER | |
|---|---|
| fixed length control field | 00382nam a22001097a 4500 |
| 050 ## - LIBRARY OF CONGRESS CALL NUMBER | |
| Classification Number | (The) HD 9566 |
| Item Number | .K3 2024 |
| 100 ## - MAIN ENTRY--Author | |
| Personal name | Kawinzi Jeremiah Mulinge |
| 245 ## - TITLE | |
| Title | Institutional determination of strategic plan implementation in public secondary schools in Machakos county |
| 300 ## - PHYSICAL DESCRIPTION | |
| Extent | 98p. |
| 650 ## - SUBJECT--TOPIC | |
| Topical term following geographic name as entry element | School management |
| Form subdivision | strategic plan implementation in schools |
| 942 ## - ADDED ENTRY ELEMENTS(KOHA) | |
| Source of classification or shelving scheme | Library of Congress Classification |
| Koha item type | Thesis |
| Source of classification or shelving scheme | Not for loan | Location (home branch) | Sublocation (holding branch) | Date accessioned | Full call number | Barcode | Koha item type |
|---|---|---|---|---|---|---|---|
| Library of Congress Classification | Wote Campus Library | Wote Campus Library | 09/03/2026 | (The) HD 9566 .K3 2024 | 2024/027122 | Thesis |